Leonardo en Milán

Збережено в:
Бібліографічні деталі
Автор: Bologna, Giulia (Автор)
Формат: Книга
Мова:Іспанська
Опубліковано: Madrid Cupsa 1982
Серія:Documentos de Arte
Предмети:
Теги: Додати тег
Немає тегів, Будьте першим, хто поставить тег для цього запису!

MARC

LEADER 00000nam a2200000 a 4500
001 UCP8243
003 CL-VaPUC
005 20240425101851.0
008 000114e19820000SP |||||||||||||||||spa|d
999 |c 285175  |d 285173 
040 |c Pontificia Universidad Católica de Valparaíso 
082 0 4 |a 759.5  |b BOL  |2 21 
100 0 |a Bologna, Giulia  |e author  |9 438069 
245 1 0 |a Leonardo en Milán 
260 |a Madrid  |b Cupsa  |c 1982 
300 |a 75 p 
490 0 |a Documentos de Arte 
583 |a last modification  |c 20000114 00:00:00  |k Rodrigo Vera 
600 0 |a Da Vinci, Leonardo  |d 1452-1519  |9 561227 
650 0 |a Pintura italiana  |9 265293 
650 0 |a Pintores italianos  |9 265277 
650 0 |a Pintura renacentista  |9 266314 
942 |c BK  |2 ddc 
945 |d 20000114 00:00:00  |a crobeson 
952 |0 0  |1 0  |4 0  |6 759_500000000000000_BOL_1982  |7 0  |8 A  |9 329595  |a BIBHIS  |b BIBHIS  |d 2019-11-20  |i 1390775  |o 759.5 BOL 1982  |p 1390775  |r 2025-01-20  |w 2019-11-20  |y BK  |k HIS